Mighty Means of Usefulness (Record no. 2286)
[ view plain ]
| 000 -LEADER | |
|---|---|
| fixed length control field | 00580nam a2200241 a 4500 |
| 020 ## - INTERNATIONAL STANDARD BOOK NUMBER | |
| ISBN | |
| 082 00 - DEWEY DECIMAL CLASSIFICATION NUMBER | |
| Classification number | 248.32 |
| Author Cutter | MCC |
| 100 ## - MAIN ENTRY--AUTHOR NAME | |
| Author name | Mc Clure, J G K |
| 245 ## - TITLE STATEMENT | |
| Title | Mighty Means of Usefulness |
| 260 ## - PUBLICATION, DISTRIBUTION, ETC. (IMPRINT) | |
| Place of publication | New York |
| Name of publisher | Fleming Revelle Co. |
| Year of publication | 1902 |
| 300 ## - PHYSICAL DESCRIPTION | |
| Number of Pages | 127p |
| 500 ## - GENERAL NOTE | |
| General note | includes index and biblioraphy |
| 505 2# - FORMATTED CONTENTS NOTE | |
| Formatted contents note | Index |
| 650 ## - SUBJECT ADDED ENTRY--TOPICAL TERM | |
| Topical Term | Prayer-Christianity |
| 942 ## - ADDED ENTRY ELEMENTS (KOHA) | |
| Koha item type | Books |
| 700 1# - | |
| -- | Mc Clure, J G K |
| Home library | Current library | Date acquired | Cost, normal purchase price | Full call number | Accession Number | Koha item type |
|---|---|---|---|---|---|---|
| Henry Martyn Institute Library | Henry Martyn Institute Library | 07/06/2007 | 100.00 | 248.32 MCC | 1405 | Archive Book |
